MARC details
| 000 -LEADER |
| fixed length control field |
02544cam a22002294a 4500 |
| 005 - ΗΜΕΡΟΜΗΝΙΑ ΚΑΙ ΩΡΑ ΤΕΛΕΥΤΑΙΑΣ ΕΝΗΜΕΡΩΣΗΣ |
| Πεδίο ελέγχου |
20250605163946.0 |
| 008 - FIXED-LENGTH DATA ELEMENTS--GENERAL INFORMATION |
| Πεδίο ελέγχου σταθερού μήκους |
250528s ||||||||||||||||||||||||d |
| 035 ## - SYSTEM CONTROL NUMBER |
| System control number |
15214 |
| 020 ## - ISBN |
| ISBN |
70074178 |
| 040 ## - ΠΗΓΗ ΚΑΤΑΛΟΓΟΓΡΑΦΗΣΗΣ |
| Φορέας πρωτότυπης καταλογογράφησης |
MC Athens Campus Library |
| Γλώσσα καταλογογράφησης |
Ελληνικά, Μοντέρνα (1453-) |
| Modifying agency |
MC Athens Campus Library |
| Κανόνες περιγραφικής καταλογογράφησης |
AACR2 |
| 245 1# - ΤΙΤΛΟΣ ΚΑΙ ΔΗΛΩΣΗ ΥΠΕΥΘΥΝΟΤΗΤΑΣ |
| Τίτλος |
Principles of Corporate Finance / International Edition |
| 250 ## - EDITION STATEMENT |
| Edition statement |
5th |
| 260 ## - PUBLICATION, DISTRIBUTION, ETC. |
| Name of publisher, distributor, etc. |
Mcgraw Hill Publishing Company, |
| Date of publication, distribution, etc. |
1996 |
| 300 ## - PHYSICAL DESCRIPTION |
| Extent |
1094 |
| 505 0# - FORMATTED CONTENTS NOTE |
| Formatted contents note |
Preface, Value, Why Finance Matters, Why Finance Matters, How to Calculate Present Values, The Value of Common Stocks, Risk, Risk and Return, Capital Budgeting and Risk, Practical Problems in Capital Budgeting, A Problem is Not a Back Box, Wher Positive Net Present Values Come From, Organizing Cpital Expenditure and Evaluating Performance, Financing Decisions and Market Efficiency, An Overview of Corporate Financing, How Corporations Issue Securities, Dividend Policy and Capital Structure, TheDividend Controversy, Interactions of Investment and Financing Decisions, Options, Corporate Liabilities and the Valuation of Options, Applications of Options Pricing Theory, Warrants and Convertibles, Debt Financing, Valuing Risky Debt, The Many Different Kinds of Debt, Hedging Financial Risk, Leasing, Financial Planning, Analyzing Financial Performance, Sort-Term Financial Decisions, Credit Management, Cash Management, Mergers and International Finance, Mergers, Conclusions, Index. |
| 520 ## - SUMMARY, ETC. |
| Summary, etc. |
Preface, Value, Why Finance Matters, Why Finance Matters, How to Calculate Present Values, The Value of Common Stocks, Risk, Risk and Return, Capital Budgeting and Risk, Practical Problems in Capital Budgeting, A Problem is Not a Back Box, Wher Positive Net Present Values Come From, Organizing Cpital Expenditure and Evaluating Performance, Financing Decisions and Market Efficiency, An Overview of Corporate Financing, How Corporations Issue Securities, Dividend Policy and Capital Structure, TheDividend Controversy, Interactions of Investment and Financing Decisions, Options, Corporate Liabilities and the Valuation of Options, Applications of Options Pricing Theory, Warrants and Convertibles, Debt Financing, Valuing Risky Debt, The Many Different Kinds of Debt, Hedging Financial Risk, Leasing, Financial Planning, Analyzing Financial Performance, Sort-Term Financial Decisions, Credit Management, Cash Management, Mergers and International Finance, Mergers, Conclusions, Index. |
| 700 1# - ΠΡΟΣΘΕΤΗ ΑΝΑΓΡΑΦΗ--ΦΥΣΙΚΟ ΠΡΟΣΩΠΟ |
| Personal name |
Brealey Richard A |
| 9 (RLIN) |
1083 |
| 700 1# - ΠΡΟΣΘΕΤΗ ΑΝΑΓΡΑΦΗ--ΦΥΣΙΚΟ ΠΡΟΣΩΠΟ |
| Personal name |
Myers Stewart C |
| 9 (RLIN) |
1085 |
| 942 ## - ADDED ENTRY ELEMENTS (KOHA) |
| Koha item type |
Books |